Zampillaerostation ó Jalon y Lila y la niña boba (Record no. 152866)

MARC details
000 -LEADER
campo de control de longitud fija 00890nam a2200181 i 4500
001 - NÚMERO DE CONTROL
campo de control 152866
003 - IDENTIFICADOR DE NÚMERO DE CONTROL
campo de control ES-MaACL
005 - FECHA Y HORA DE LA ÚLTIMA TRANSACCIÓN
campo de control 20251217063019.0
008 - DATOS DE LONGITUD FIJA--INFORMACIÓN GENERAL
campo de control de longitud fija 931025s1873 sp |||| | spa d
040 ## - FUENTE DE CATALOGACIÓN
Centro catalogador/agencia de origen PAB
Lengua de catalogación spa
Centro/agencia transcriptor PAB
100 1# - ENTRADA PRINCIPAL--NOMBRE DE PERSONA
Nombre de persona Burgos, Javier de,
Fechas asociadas al nombre 1842-1902
9 (RLIN) 139909
245 10 - MENCIÓN DEL TÍTULO
Título Zampillaerostation ó Jalon y Lila y la niña boba
Resto del título : a propósito bufo cómico-lírico-gimnástico en un acto y en verso /
Mención de responsabilidad, etc. original de Javier de Burgos.
260 ## - PUBLICACIÓN, DISTRIBUCIÓN, ETC.
Lugar de publicación, distribución, etc. Madrid :
Nombre del editor, distribuidor, etc. [Administracion Lirico-Dramática],
Fecha de publicación, distribución, etc. 1873 (
Lugar de fabricación/manufactura Cadiz :
Fabricante Imp. a cargo de Ramon Macias)
300 ## - DESCRIPCIÓN FÍSICA
Extensión 27 p. ;
Dimensiones 20 cm.
596 #1 - NOTA AL PIE DE IMPRENTA
NOTA AL PIE DE IMPRENTA Editor tomado de la cub.
852 ## - LOCALIZACIÓN
Ubicación ES-MaACL
Número de control de estantería F-8577(7)
Nota libre -- Enc. pasta española falto de la cub. original
-- -- Enc. en un vol. facticio, formando parte de la col. facticia "Teatro español moderno", vol. 30
-- .- Dedicatoria autógrafa del autor
Holdings
Estatus retirado Estado de pérdida Estado de daño No para préstamo Colección Biblioteca de origen Biblioteca actual Ubicación en estantería Fecha de adquisición Total de préstamos Signatura topográfica completa Código de barras Visto por última vez Precio de reemplazo Tipo de ítem Koha
        Libros del s. XIX Biblioteca del Ateneo de Madrid Biblioteca del Ateneo de Madrid Sala Pecera Planta 2 17/01/2008   F-8577(7) 1159658 23/02/2023 23/02/2023 Libro impreso antiguo